লোডিং...

Law of Contracts

গ্রন্থ-পঞ্জীর বিবরন
প্রধান লেখক: Krishnan, Nair. M
বিন্যাস: Printed Book
ভাষা:English
প্রকাশিত: Bombay Orient Longman 1978
সংস্করন:4th ed
বিষয়গুলি:
LEADER 00630nam a2200253 a 4500
001 adlib96000001
003 ViArRB
005 20151026131319.0
008 960221s1955 dcuabcdjdbkoqu001 0deng d
020
022
040 |a Adlib 
082 |a 343. 537 
245 |a Law of Contracts 
250 |a 4th ed 
260 |a Bombay  |b Orient Longman  |c 1978 
300 |a xxii, 572 p. 
500 |a   
100 |a Krishnan, Nair. M 
700
942 |c BK  |6 _ 
653 |a Law of Contracts 
999 |c 25103  |d 25103 
952 |0 0  |1 0  |4 0  |6 343_537KRI  |7 0  |9 36705  |a UL  |b UL  |d 2010-06-16  |o 343. 537 KRI  |p 00038595  |r 2010-06-16  |w 2010-06-16  |y BK